| 000 | 00407nam a22001097a 4500 | ||
|---|---|---|---|
| 999 |
_c504332 _d504332 |
||
| 082 | _aB73084x73 G41 | ||
| 100 |
_aGill, Norman N. _9305 |
||
| 245 |
_aMunicipal research bureaus: a study of the Nation’s leading citizen-supported agencies _bby Norman N. Gill |
||
| 260 |
_aWashington _bAmerican Council on Public Affairs _c1944 |
||
| 300 | _a178p | ||
| 650 |
_aMunicipal government --Societies, etc;Research. _9306 |
||